| 000 | 00400nam a2200181Ia 4500 | ||
|---|---|---|---|
| 005 | 20251020182611.0 | ||
| 008 | 200515s9999 xx 000 0 und d | ||
| 082 | _aSC/656.022(85)/P45 | ||
| 110 | _aDirección General de Caminos | ||
| 245 | 0 | _aTransito 1981 | |
| 260 | _aLima | ||
| 260 | _c1981 | ||
| 300 | _a134 | ||
| 650 | _aCAMINOS | ||
| 650 | _aNORMAS | ||
| 650 | _aTRANSITO | ||
| 942 | _cLIB | ||
| 999 |
_c3340 _d3340 |
||